Cost factors of agriculture/ (Record no. 18924)

MARC details
000 -LEADER
fixed length control field 01004nam a2200349 a 4500
001 - CONTROL NUMBER
control field vtls000014885
003 - CONTROL NUMBER IDENTIFIER
control field NLI
005 - DATE AND TIME OF LATEST TRANSACTION
control field 20210601181523.0
008 - FIXED-LENGTH DATA ELEMENTS--GENERAL INFORMATION
fixed length control field 101125s1973 ii 000 0 eng
039 #9 - LEVEL OF BIBLIOGRAPHIC CONTROL AND CODING DETAIL [OBSOLETE]
-- 201011250115
-- VLOAD
040 0# - CATALOGING SOURCE
Original cataloging agency NLI
Language of cataloging eng
Transcribing agency VERGIS-2003
041 0# - LANGUAGE CODE
Language code of text/sound track or separate title eng
044 ## - COUNTRY OF PUBLISHING/PRODUCING ENTITY CODE
MARC country code ii
082 04 - DEWEY DECIMAL CLASSIFICATION NUMBER
Classification number 631.112
245 00 - TITLE STATEMENT
Title Cost factors of agriculture/
Statement of responsibility, etc. K.N. Singh...[etal.]
260 ## - PUBLICATION, DISTRIBUTION, ETC.
Place of publication, distribution, etc. Bombay:
Name of publisher, distributor, etc. National Institute of Bank Management,
Date of publication, distribution, etc. c1973
300 ## - PHYSICAL DESCRIPTION
Extent [ca. 200 p.];
Dimensions 23 cm.
650 #0 - SUBJECT ADDED ENTRY--TOPICAL TERM
Topical term or geographic name entry element Agriculture
General subdivision Costs
9 (RLIN) 51339
650 #0 - SUBJECT ADDED ENTRY--TOPICAL TERM
Topical term or geographic name entry element Agriculture
General subdivision Economic aspects
650 #0 - SUBJECT ADDED ENTRY--TOPICAL TERM
Topical term or geographic name entry element Landuse, Rural
9 (RLIN) 46074
700 1# - ADDED ENTRY--PERSONAL NAME
Personal name Singh, K.N.,
Relationship aut
9 (RLIN) 51340
710 2# - ADDED ENTRY--CORPORATE NAME
Corporate name or jurisdiction name as entry element National Institute of Bank Management
9 (RLIN) 51341
887 ## - NON-MARC INFORMATION FIELD
Content of non-MARC field Sathya
901 ## - LOCAL DATA ELEMENT A, LDA (RLIN)
a DB 25248
b 02/05/1974
902 ## - LOCAL DATA ELEMENT B, LDB (RLIN)
a E 631.112 N 213
903 ## - LOCAL DATA ELEMENT C, LDC (RLIN)
a 04/03/04
904 ## - LOCAL DATA ELEMENT D, LDD (RLIN)
a Sathya
906 ## - LOCAL DATA ELEMENT F, LDF (RLIN)
a 013923
949 ## - LOCAL PROCESSING INFORMATION (OCLC)
-- VIRTUAITEM
-- 10000
-- 1
-- 100
6 DBA000025248ENG
a E 631.112 N213
942 ## - ADDED ENTRY ELEMENTS (KOHA)
Source of classification or shelving scheme Dewey Decimal Classification
Koha item type Books
Holdings
Withdrawn status Lost status Damaged status Not for loan Collection code Home library Current library Shelving location Date acquired Total Checkouts Full call number Barcode Date last seen Price effective from Koha item type
        New English National Library of India National Library of India New English - Main Stack Division     E 631.112 N 213 DBA000025248ENG 01/06/2021 01/06/2021 Books
                                                                           
web counter

Copyright ©2020 The National Library of India, Govt. of India ↔ Hosted by NVLI, MOC ↔ Technology and Design by National Library of India, Ministry of Culture, Govt. of India